The practice and science of drawing (Record no. 10492)

000 -LEADER
fixed length control field 00848nmm a2200277 a 4500
001 - CONTROL NUMBER
control field ocm000955361
003 - CONTROL NUMBER IDENTIFIER
control field TR-IsHL
005 - DATE AND TIME OF LATEST TRANSACTION
control field 20201028150455.0
008 - FIXED-LENGTH DATA ELEMENTS--GENERAL INFORMATION
fixed length control field 150110s2014 tu eng
007 - PHYSICAL DESCRIPTION FIXED FIELD--GENERAL INFORMATION
fixed length control field cr cn
020 ## - INTERNATIONAL STANDARD BOOK NUMBER
International Standard Book Number 9781503142251
035 ## - SYSTEM CONTROL NUMBER
System control number 955361
-- (N$T)
050 04 - LIBRARY OF CONGRESS CALL NUMBER
Classification number NC730
Item number .S64 2014
090 04 - LOCALLY ASSIGNED LC-TYPE CALL NUMBER (OCLC); LOCAL CALL NUMBER (RLIN)
Classification number (OCLC) (R) ; Classification number, CALL (RLIN) (NR) NC730
Local cutter number (OCLC) ; Book number/undivided call number, CALL (RLIN) .S64 2014
100 1# - MAIN ENTRY--PERSONAL NAME
Personal name Speed, Harold
245 10 - TITLE STATEMENT
Title The practice and science of drawing
Medium [electronic resource] /
Statement of responsibility, etc. Harold Speed ; illustrated by Murat Ukray
260 ## - PUBLICATION, DISTRIBUTION, ETC.
Place of publication, distribution, etc. İstanbul :
Name of publisher, distributor, etc. E-Kitap Projesi,
Date of publication, distribution, etc. 2014
300 ## - PHYSICAL DESCRIPTION
Extent 324 p.
650 #4 - SUBJECT ADDED ENTRY--TOPICAL TERM
Topical term or geographic name entry element Güzel Sanatlar
650 #4 - SUBJECT ADDED ENTRY--TOPICAL TERM
Topical term or geographic name entry element Fine Arts
650 #0 - SUBJECT ADDED ENTRY--TOPICAL TERM
Topical term or geographic name entry element Çizim
650 #0 - SUBJECT ADDED ENTRY--TOPICAL TERM
Topical term or geographic name entry element Drawing
650 #7 - SUBJECT ADDED ENTRY--TOPICAL TERM
Topical term or geographic name entry element ART / Techniques / Drawing
Source of heading or term bisacsh
700 1# - ADDED ENTRY--PERSONAL NAME
Personal name Ukray, Murat
856 40 - ELECTRONIC LOCATION AND ACCESS
Uniform Resource Identifier <a href="http://search.ebscohost.com/login.aspx?direct=true&scope=site&db=e011xww&AN=955361">http://search.ebscohost.com/login.aspx?direct=true&scope=site&db=e011xww&AN=955361</a>
Holdings
Withdrawn status Lost status Source of classification or shelving scheme Damaged status Not for loan Collection code Permanent Location Current Location Date acquired Total Checkouts Full call number Barcode Date last seen Price effective from Koha item type
        Online   Kıbrıs Amerikan Üniversitesi Kütüphanesi / American University of Cyprus Kıbrıs Amerikan Üniversitesi Kütüphanesi / American University of Cyprus 28.10.2020   NC730 .S64 2014 955361 28.10.2020 28.10.2020 E-Kitap
Devinim Yazılım Eğitim Danışmanlık tarafından Koha'nın orjinal sürümü uyarlanarak geliştirilip kurulmuştur.